Statistiken für Thurgau: Gemeinden nach Einwohnerzahl

Klicken Sie hier um das Quiz zu spielen!

Allgemein

  • Dieses Quiz wurde 40 mal gespielt
  • Das Durchschnittsergebnis liegt bei 8 aus 15

Antwortstatistiken

EinwohnerzahlBezirkGemeinde% Korrekt
25'974-Frauenfeld
100%
14'950-Arbon
95%
22'390-Kreuzlingen
89%
11'327ArbonRomanshorn
89%
11'629-Weinfelden
89%
14'211ArbonAmriswil
63%
5830-Münchwilen (TG)
63%
7901MünchwilenSirnach
53%
9216MünchwilenAadorf
47%
5907WeinfeldenBischofszell
47%
4921KreuzlingenTägerwilen
32%
4766MünchwilenWängi
26%
4577MünchwilenEschlikon
21%
4789ArbonEgnach
16%
4483FrauenfeldGachnang
16%

Verteilung der Resultate

Perzentil nach korrekt beantworteten Fragen

Anzahl Personen mit jedem Resultat

Ihre Resultats-Entwicklung

Sie haben dieses Quiz noch nicht gespielt